Catálogo
 En Linea

7 años con Muñoz Marín / (Registro nro. 39606)

Detalles MARC
000 -CABECERA
campo de control de longitud fija 00672nam a2200193 a 4500
001 - NÚMERO DE CONTROL
campo de control 000040116
005 - FECHA Y HORA DE LA ÚLTIMA TRANSACCIÓN
campo de control 20201002033928.0
008 - DATOS DE LONGITUD FIJA--INFORMACIÓN GENERAL
campo de control de longitud fija 130808s1988 pr ac 000 0 spa d
040 ## - FUENTE DE LA CATALOGACIÓN
Centro catalogador/agencia de origen DO-SdBNP
Lengua de catalogación spa
Centro/agencia transcriptor BNPHU
100 1# - ENTRADA PRINCIPAL--NOMBRE DE PERSONA
Nombre de persona Córdova, Lieban
9 (RLIN) 66379
245 10 - MENCIÓN DE TÍTULO
Título 7 años con Muñoz Marín /
Mención de responsabilidad, etc. Lieban Córdova ; prólogo Armando A. Miranda.
246 13 - FORMA VARIANTE DE TÍTULO
Título propio/Titulo breve Siete años con Muñoz Marín
250 ## - MENCIÓN DE EDICIÓN
Mención de edición 7a ed.
260 ## - PUBLICACIÓN, DISTRIBUCIÓN, ETC.
Lugar de publicación, distribución, etc. Arecibo, Puerto Rico :
Nombre del editor, distribuidor, etc. Corripio,
Fecha de publicación, distribución, etc. 1988.
300 ## - DESCRIPCIÓN FÍSICA
Extensión 291 p. :
Otras características físicas ils., retrs. ;
Dimensiones 24 cm.
500 ## - NOTA GENERAL
Nota general Incluye índice de nombres
500 ## - NOTA GENERAL
Nota general Incluye datos biográficos del autor en la contracubierta
700 1# - PUNTO DE ACCESO ADICIONAL--NOMBRE DE PERSONA
Nombre de persona Miranda, Armando A.,
Término indicativo de función/relación pról.
9 (RLIN) 66380
Existencias
Estado de retiro Estado de pérdida Restricciones de uso No para préstamo Código de colección Localización permanente Ubicación/localización actual Ubicación en estantería Fecha de adquisición Número de inventario Total de préstamos Signatura topográfica completa Código de barras Fecha visto por última vez Precio válido a partir de Tipo de ítem Koha
        Monografías: Libros y Folletos General General En catalogación 08.08.2013 LF1   40116-10 25.06.2020 25.06.2020 Préstamo en sala

Con tecnología Koha